[Event "Tenerife-chT Preferente"]
[Site "Tenerife"]
[Date "2024.11.30"]
[Round "3.1"]
[White "Mendez Acosta, Alexander Jesus"]
[Black "Lestao Balseiro, Adrian"]
[Result "1/2-1/2"]
[WhiteElo "2030"]
[BlackElo "2233"]
[PlyCount "102"]
[EventDate "2024.11.09"]
[EventType "team-tourn"]
[EventRounds "14"]
[EventCountry "ESP"]
[SourceTitle "CB14_2025"]
[SourceDate "2024.11.01"]
[SourceVersion "1"]
[SourceVersionDate "2024.11.01"]
[SourceQuality "1"]
[WhiteTeam "Los Realejos"]
[BlackTeam "Rey Ahogado"]
[WhiteTeamCountry "ESP"]
[BlackTeamCountry "ESP"]

1. c4 e5 2. Nc3 Bb4 3. g3 Bxc3 4. dxc3 d6 5. Bg2 Nc6 6. c5 Nge7 7. cxd6 cxd6 8. e4 Be6 9. Nf3 f6 10. 0-0 Qd7 11. Be3 0-0 12. Re1 b5 13. Qc2 Rac8 14. Rad1 Rfd8 15. b3 Qc7 16. Qe2 Rb8 17. Rc1 Na5 18. Nd2 Rdc8 19. Red1 Ng6 20. Qd3 Nf8 21. Nb1 Rd8 22. Na3 a6 23. Nc2 Nc6 24. Nb4 Nxb4 25. cxb4 Qb7 26. Rc3 Rd7 27. Qc2 d5 28. exd5 Bxd5 29. Rxd5 Rxd5 30. Rd3 Rbd8 31. Rxd5 Rxd5 32. Bc5 Ne6 33. Be3 Kf7 34. Bxd5 Qxd5 35. Qxh7 Qf3 36. Qc2 f5 37. Qd2 f4 38. Bb6 Qc6 39. Bc5 f3 40. Qd6 Qxd6 41. Bxd6 e4 42. Kf1 Nd4 43. Ke1 Ke6 44. Bc5 Nf5 45. h3 g6 46. Kd2 Ke5 47. Bb6 Ne7 48. Ba7 Nd5 49. Bc5 Kf5 50. a3 Ke5 51. Ba7 Ke6 1/2-1/2

[Event "Tenerife-chT Preferente 1819"]
[Site "Tenerife"]
[Date "2019.02.16"]
[Round "8.1"]
[White "Lestao Balseiro, Adrian"]
[Black "Kurajica, Bojan"]
[Result "0-1"]
[WhiteElo "2226"]
[BlackElo "2529"]
[PlyCount "91"]
[EventDate "2018.11.24"]
[EventType "team-tourn"]
[EventRounds "14"]
[EventCountry "ESP"]
[SourceTitle "CBM 189 Extra"]
[Source "ChessBase"]
[SourceDate "2019.05.31"]
[SourceVersion "1"]
[SourceVersionDate "2019.05.31"]
[SourceQuality "1"]
[WhiteTeam "Rey Ahogado"]
[BlackTeam "Al Shah Mat Los Realejos"]
[WhiteTeamCountry "ESP"]
[BlackTeamCountry "ESP"]

1. e4 c5 2. Nf3 Nc6 3. d4 cxd4 4. Nxd4 Qc7 5. Nc3 e6 6. g3 a6 7. Bg2 Nge7 8. Nb3 Ng6 9. a4 Bb4 10. 0-0 h5 11. Ne2 h4 12. Nbd4 hxg3 13. hxg3 Bc5 14. Nxc6 bxc6 15. Nf4 Nxf4 16. Bxf4 e5 17. Bd2 a5 18. b3 Qd6 19. Bf3 Qg6 20. Kg2 d5 21. Rh1 Rxh1 22. Qxh1 dxe4 23. Qh8+ Kd7 24. Be2 Kc7 25. Qh5 Qxh5 26. Bxh5 Be6 27. Be3 Bxe3 28. fxe3 c5 29. Be2 Rd8 30. Rd1 Rxd1 31. Bxd1 c4 32. bxc4 Kd6 33. c3 Kc5 34. Bc2 f5 35. g4 g6 36. gxf5 gxf5 37. Bb3 Bxc4 38. Bd1 Be6 39. Kg3 Kc4 40. Kh4 Kxc3 41. Kg5 Kd2 42. Bh5 Kxe3 43. Kf6 Bd7 44. Kxe5 Bxa4 45. Bf7 f4 46. Bd5 0-1

[Event "Santa Cruz de Tenerife Verano op"]
[Site "Santa Cruz de Tenerife"]
[Date "2018.09.12"]
[Round "7"]
[White "Lestao Balseiro, Adrian"]
[Black "Rodriguez Redondo, Ethan"]
[Result "1/2-1/2"]
[WhiteElo "2236"]
[BlackElo "1995"]
[PlyCount "146"]
[EventDate "2018.08.20"]
[EventType "swiss"]
[EventRounds "9"]
[EventCountry "ESP"]
[SourceTitle "CBM 186 Extra"]
[Source "ChessBase"]
[SourceDate "2018.08.24"]
[SourceVersion "1"]
[SourceVersionDate "2018.08.24"]
[SourceQuality "1"]

1. e4 e5 2. Nf3 Nf6 3. Nxe5 d6 4. Nf3 Nxe4 5. d4 d5 6. Bd3 Bd6 7. 0-0 0-0 8. c4 c6 9. Nc3 Nxc3 10. bxc3 Bg4 11. Rb1 dxc4 12. Bxc4 Nd7 13. h3 Bxf3 14. Qxf3 Nb6 15. Bd3 Bc7 16. Bd2 Qd6 17. g3 Qd5 18. Qxd5 cxd5 19. Rb5 Rfd8 20. Rfb1 g6 21. Kf1 Rac8 22. Be1 Rd6 23. Ra5 a6 24. Ra3 Rc6 25. Rab3 Kg7 26. Rb4 Bd8 27. Be2 h5 28. Bf3 Rf6 29. Bg2 Rcc6 30. Kg1 Rfe6 31. Bf1 Be7 32. R4b3 h4 33. g4 Bg5 34. Bg2 Re2 35. Bf3 Ree6 36. Kf1 Rf6 37. Be2 Rfe6 38. Bd3 Na4 39. Rxb7 Nxc3 40. R1b2 Na4 41. Rc2 Rb6 42. Rcc7 Rxb7 43. Rxb7 Bf6 44. Rb4 Nc5 45. dxc5 Rxe1+ 46. Kxe1 Bc3+ 47. Ke2 Bxb4 48. c6 Bd6 49. Bxa6 Kf6 50. a4 Ke5 51. Bc8 Bc7 52. Bd7 g5 53. Be8 f6 54. Bg6 Kd6 55. Be8 Ke5 56. Kd3 Bb6 57. Bd7 Bc7 58. Bc8 Bb6 59. Bb7 Bc7 60. Ba6 Bb6 61. Bb5 Bc7 62. Ke2 Bb6 63. Bd3 Bc7 64. Kf3 Bb6 65. Bf1 Bc7 66. Ke3 Bb6+ 67. Kf3 Bc7 68. Ba6 Bb6 69. Bc8 Bc7 70. Bf5 Bb6 71. Bd7 Bc7 72. Ke3 Bb6+ 73. Kd3 Bc7 1/2-1/2

[Event "Santa Cruz de Tenerife Verano op"]
[Site "Santa Cruz de Tenerife"]
[Date "2018.08.24"]
[Round "3"]
[White "Lestao Balseiro, Adrian"]
[Black "Mendez Acosta, Alexander Jesus"]
[Result "1-0"]
[WhiteElo "2236"]
[BlackElo "2002"]
[PlyCount "109"]
[EventDate "2018.08.20"]
[EventType "swiss"]
[EventRounds "9"]
[EventCountry "ESP"]
[SourceTitle "CBM 186 Extra"]
[Source "ChessBase"]
[SourceDate "2018.08.24"]
[SourceVersion "1"]
[SourceVersionDate "2018.08.24"]
[SourceQuality "1"]

1. e4 e6 2. d4 d5 3. Nc3 Bb4 4. e5 b6 5. a3 Bf8 6. Bb5+ c6 7. Ba4 Ba6 8. Nce2 Qc7 9. Nf3 Nd7 10. c3 Ne7 11. 0-0 Nf5 12. Re1 Be7 13. Bc2 0-0-0 14. a4 Rdg8 15. a5 b5 16. Bxf5 exf5 17. Qd3 g6 18. Ng5 Bxg5 19. Bxg5 Re8 20. Bh6 Nf8 21. Bxf8 Rhxf8 22. Qd2 Kb8 23. Nf4 Bc8 24. Nd3 f6 25. exf6 Re4 26. f3 Rh4 27. g3 Rh5 28. Re7 Qd6 29. Qf4 Rxf6 30. Rae1 g5 31. Qxd6+ Rxd6 32. Rg7 f4 33. gxf4 gxf4 34. Re8 Rg6+ 35. Rxg6 hxg6 36. Re7 Rg5+ 37. Kf2 Rh5 38. Ne5 Bb7 39. Nd7+ Kc8 40. Nc5 Rxh2+ 41. Ke1 Rxb2 42. Rxb7 Rc2 43. Rxa7 Rxc3 44. a6 Ra3 45. Rg7 Kb8 46. Rxg6 Rxf3 47. Rxc6 Re3+ 48. Kf2 Ra3 49. Rb6+ Ka8 50. Rxb5 Ra2+ 51. Kf3 Rd2 52. Ne6 Ka7 53. Nc7 Rd3+ 54. Kg4 Rg3+ 55. Kf5 1-0

[Event "Tenerife-chT Preferente 1617"]
[Site "Tenerife"]
[Date "2017.04.22"]
[Round "13.1"]
[White "Lestao Balseiro, Adrian"]
[Black "Fernandez Garcia, Jose Luis"]
[Result "0-1"]
[WhiteElo "2247"]
[BlackElo "2427"]
[PlyCount "116"]
[EventDate "2016.12.10"]
[EventType "team-tourn"]
[EventRounds "14"]
[EventCountry "ESP"]
[SourceTitle "EXT 2018"]
[Source "ChessBase"]
[SourceDate "2017.10.13"]
[SourceVersion "1"]
[SourceVersionDate "2017.10.13"]
[SourceQuality "1"]
[WhiteTeam "Rey Ahogado"]
[BlackTeam "Cajacanarias"]
[WhiteTeamCountry "ESP"]
[BlackTeamCountry "ESP"]

1. e4 e5 2. Nf3 Nc6 3. Bc4 Bc5 4. c3 Nf6 5. d3 0-0 6. 0-0 d5 7. exd5 Nxd5 8. h3 a5 9. Re1 Nb6 10. Bb3 a4 11. Bc2 f6 12. Nbd2 Bf5 13. Ne4 Bxe4 14. dxe4 Qxd1 15. Rxd1 Rfd8 16. Rxd8+ Nxd8 17. Kf1 Nf7 18. Ke2 Nd6 19. Rb1 Nbc4 20. Nd2 Kf8 21. Nxc4 Nxc4 22. Bd3 b5 23. Bxc4 bxc4 24. Be3 Bd6 25. Kd2 h5 26. Kc2 Ke7 27. a3 Ke6 28. Rd1 g6 29. Rg1 f5 30. f3 Rf8 31. Kd1 Be7 32. Kc2 c6 33. Kd1 Rd8+ 34. Ke2 Rb8 35. Bc1 Bc5 36. Rf1 f4 37. Rd1 Ke7 38. Rh1 Rd8 39. Bd2 Kf6 40. Rf1 Rd3 41. Rb1 Be3 42. Be1 Rd7 43. Rd1 Rb7 44. Rd6+ Kg5 45. Rxc6 Rxb2+ 46. Kf1 Ra2 47. Re6 Rxa3 48. h4+ Kh6 49. Rxe5 Ra1 50. Ke2 Ra2+ 51. Kf1 a3 52. Ra5 Kg7 53. Ra4 Kf7 54. Rxc4 Rb2 55. Ra4 a2 56. g3 Bd2 57. Bf2 Bxc3 58. gxf4 Rb1+ 0-1

[Event "Tenerife-chT Preferente 1617"]
[Site "Tenerife"]
[Date "2017.02.04"]
[Round "6.1"]
[White "Fernandez Garcia, Jose Luis"]
[Black "Lestao Balseiro, Adrian"]
[Result "1-0"]
[WhiteElo "2427"]
[BlackElo "2247"]
[PlyCount "86"]
[EventDate "2016.12.10"]
[EventType "team-tourn"]
[EventRounds "14"]
[EventCountry "ESP"]
[SourceTitle "CBM 176 Extra"]
[Source "ChessBase"]
[SourceDate "2017.03.02"]
[SourceVersion "1"]
[SourceVersionDate "2017.03.02"]
[SourceQuality "1"]
[WhiteTeam "Cajacanarias"]
[BlackTeam "Rey Ahogado"]
[WhiteTeamCountry "ESP"]
[BlackTeamCountry "ESP"]

1. e4 e5 2. Bc4 Nf6 3. d3 Nc6 4. Nc3 Bb4 5. Nge2 d5 6. exd5 Nxd5 7. 0-0 Bxc3 8. Nxc3 Nxc3 9. bxc3 0-0 10. Qh5 Na5 11. Ba3 g6 12. Qh6 Nxc4 13. Bxf8 Qxf8 14. Qxf8+ Kxf8 15. dxc4 Bd7 16. Rad1 Bc6 17. f4 exf4 18. Rxf4 Re8 19. Kf2 h5 20. g3 f5 21. Rfd4 Ke7 22. Re1+ Be4 23. Rexe4+ fxe4 24. Rxe4+ Kd7 25. Rxe8 Kxe8 26. Ke3 Ke7 27. c5 Kf6 28. Ke4 a5 29. a4 Ke6 30. c4 c6 31. Kf4 Kf6 32. h3 g5+ 33. Ke4 h4 34. gxh4 gxh4 35. Kf4 Ke6 36. c3 Kf6 37. Kg4 Ke5 38. Kxh4 Ke4 39. Kg5 Kd3 40. h4 Kc2 41. h5 Kb3 42. h6 Kxa4 43. h7 Kb3 1-0

[Event "Tenerife-chT Preferente 1617"]
[Site "Tenerife"]
[Date "2017.01.21"]
[Round "4.1"]
[White "Lestao Balseiro, Adrian"]
[Black "Ellames, Roy"]
[Result "1-0"]
[WhiteElo "2247"]
[BlackElo "2100"]
[PlyCount "145"]
[EventDate "2016.12.10"]
[EventType "team-tourn"]
[EventRounds "14"]
[EventCountry "ESP"]
[SourceTitle "CBM 176 Extra"]
[Source "ChessBase"]
[SourceDate "2017.03.02"]
[SourceVersion "1"]
[SourceVersionDate "2017.03.02"]
[SourceQuality "1"]
[WhiteTeam "Rey Ahogado"]
[BlackTeam "Canarias 64"]
[WhiteTeamCountry "ESP"]
[BlackTeamCountry "ESP"]

1. e4 e6 2. d4 d5 3. Nc3 Nf6 4. e5 Nfd7 5. f4 c5 6. Nf3 Nc6 7. Be3 Be7 8. Qd2 b6 9. Be2 0-0 10. 0-0 f6 11. exf6 Nxf6 12. Kh1 Bb7 13. Rad1 Rc8 14. Ng5 Qd7 15. Bf3 cxd4 16. Bxd4 Nxd4 17. Qxd4 h6 18. Nh3 Bd6 19. Qd3 Rfd8 20. Rfe1 Bb4 21. Re2 Qf7 22. Nb5 Be7 23. c3 Ne4 24. a4 a6 25. Nd4 Qg6 26. Nf2 Nxf2+ 27. Rxf2 Qxd3 28. Rxd3 Bc5 29. Re2 Bxd4 30. Rxd4 Rc6 31. Kg1 a5 32. Bh5 Rf8 33. g3 Rf6 34. Re5 Kf8 35. h4 Ba6 36. Kf2 Bc4 37. Bd1 Ba6 38. Ke3 Bf1 39. Kd2 Rc4 40. Ke3 Rc6 41. Kf2 Ba6 42. Bc2 Bc8 43. Ke3 Ba6 44. Bd1 Rc4 45. Rxc4 Bxc4 46. b3 Ba6 47. Bg4 Ke7 48. f5 Bc8 49. fxe6 Rg6 50. Kf3 Rf6+ 51. Kg2 Bxe6 52. Bxe6 Rxe6 53. Rxd5 Re2+ 54. Kh3 Rf2 55. Kg4 g6 56. Rb5 Rf6 57. c4 Kd7 58. c5 bxc5 59. Rxc5 Rb6 60. Rxa5 Rb4+ 61. Kh3 Rxb3 62. Ra6 g5 63. Rxh6 Ra3 64. hxg5 Rxa4 65. Rf6 Ke7 66. Rf4 Ra1 67. Kg4 Ra6 68. Kh5 Ra8 69. g6 Rh8+ 70. Kg5 Rh3 71. g4 Ra3 72. g7 Ra8 73. Kg6 1-0

[Event "Tenerife-chT Preferente 1516"]
[Site "Tenerife"]
[Date "2016.04.16"]
[Round "13.1"]
[White "Korneev, Svyatoslav"]
[Black "Lestao Balseiro, Adrian"]
[Result "0-1"]
[WhiteElo "2162"]
[BlackElo "2226"]
[PlyCount "46"]
[EventDate "2015.12.12"]
[EventType "team-tourn"]
[EventRounds "14"]
[EventCountry "ESP"]
[SourceTitle "EXT 2017"]
[Source "ChessBase"]
[SourceDate "2016.10.25"]
[SourceVersion "1"]
[SourceVersionDate "2016.10.25"]
[SourceQuality "1"]
[WhiteTeam "El Sauzal"]
[BlackTeam "Rey Ahogado"]
[WhiteTeamCountry "ESP"]
[BlackTeamCountry "ESP"]

1. c4 e5 2. g3 c6 3. Bg2 d5 4. Nf3 e4 5. Nd4 Nf6 6. cxd5 Qxd5 7. e3 Bc5 8. Nc3 Qe5 9. Nb3 Bb4 10. Qc2 Bf5 11. Nd4 Bg6 12. Qb3 Na6 13. 0-0 0-0 14. a3 Bxc3 15. Qxc3 Nd5 16. Qc2 c5 17. Ne2 Rad8 18. b3 Qxa1 19. Bb2 Nab4 20. axb4 Qa6 21. Nf4 Nxf4 22. gxf4 cxb4 23. Bd4 Rc8 0-1

[Event "Tenerife Autumn op"]
[Site "Tenerife"]
[Date "2015.10.30"]
[Round "9"]
[White "Villavicencio Martinez, Adalberto"]
[Black "Lestao Balseiro, Adrian"]
[Result "1-0"]
[WhiteElo "2324"]
[BlackElo "2232"]
[PlyCount "123"]
[EventDate "2015.10.14"]
[EventType "swiss"]
[EventRounds "9"]
[EventCountry "ESP"]
[SourceTitle "CBM 169 Extra"]
[Source "ChessBase"]
[SourceDate "2015.12.18"]
[SourceVersion "1"]
[SourceVersionDate "2015.12.18"]
[SourceQuality "1"]

1. Nf3 d5 2. d4 Nf6 3. c4 dxc4 4. e3 a6 5. Bxc4 e6 6. 0-0 c5 7. Bb3 Nbd7 8. a4 cxd4 9. exd4 Be7 10. Nc3 0-0 11. Qe2 Nb6 12. Rd1 Nbd5 13. Bg5 Nxc3 14. bxc3 h6 15. Bd2 b6 16. Ne5 Bb7 17. f3 Bd5 18. Bc2 Qc7 19. c4 Bb7 20. Qd3 Rfd8 21. Kh1 Kf8 22. Rab1 Rab8 23. Be3 Ba8 24. Qe2 Nd7 25. Ng4 Kg8 26. Bb3 h5 27. Nf2 e5 28. d5 g6 29. Ne4 Nc5 30. a5 bxa5 31. Bc2 Rxb1 32. Rxb1 Nxe4 33. fxe4 Bc5 34. Bd2 Bb7 35. Qe1 Qe7 36. Bxa5 Rf8 37. Bc3 Bc8 38. Qg3 Re8 39. Ba4 h4 40. Qe1 Rf8 41. h3 Qg5 42. Bd2 Qe7 43. Bh6 Rd8 44. Qd2 f6 45. Be3 g5 46. Qf2 Bxe3 47. Qxe3 g4 48. c5 f5 49. d6 Qg7 50. exf5 Bxf5 51. Rd1 Kh7 52. d7 gxh3 53. gxh3 Qg6 54. Rg1 Be4+ 55. Kh2 Qf5 56. Rg4 Bf3 57. Rg5 Qf7 58. Bc2+ e4 59. Bxe4+ Bxe4 60. Qxe4+ Kh8 61. Qxh4+ Qh7 62. Qd4+ 1-0

[Event "Tenerife Autumn op"]
[Site "Tenerife"]
[Date "2015.10.26"]
[Round "7"]
[White "Perez Perez, Gabriel"]
[Black "Lestao Balseiro, Adrian"]
[Result "0-1"]
[WhiteElo "1801"]
[BlackElo "2232"]
[PlyCount "60"]
[EventDate "2015.10.14"]
[EventType "swiss"]
[EventRounds "9"]
[EventCountry "ESP"]
[SourceTitle "CBM 169 Extra"]
[Source "ChessBase"]
[SourceDate "2015.12.18"]
[SourceVersion "1"]
[SourceVersionDate "2015.12.18"]
[SourceQuality "1"]

1. e4 e5 2. Nf3 Nc6 3. d4 exd4 4. Bc4 Nf6 5. e5 d5 6. Bb5 Ne4 7. Nxd4 Bd7 8. Bxc6 bxc6 9. 0-0 Bc5 10. Be3 Qe7 11. Re1 0-0 12. Nd2 f5 13. exf6 Nxf6 14. Nf1 Qd6 15. f3 Bb6 16. c3 Nh5 17. Qc2 Rf7 18. Rad1 Nf4 19. Kh1 c5 20. Ne2 Bf5 21. Qd2 Nd3 22. Nfg3 Nxe1 23. Nxf5 Rxf5 24. Rxe1 Re8 25. Ng1 Qd8 26. Rd1 c6 27. Qf2 Qe7 28. Bc1 c4 29. Qf1 Bxg1 30. Kxg1 Re5 0-1

[Event "Santa Cruz de Tenerife Verano op"]
[Site "Santa Cruz de Tenerife"]
[Date "2014.09.03"]
[Round "5"]
[White "Kraus, Oliver"]
[Black "Lestao Balseiro, Adrian"]
[Result "0-1"]
[WhiteElo "2032"]
[BlackElo "2233"]
[PlyCount "116"]
[EventDate "2014.08.25"]
[EventType "swiss"]
[EventRounds "9"]
[EventCountry "ESP"]
[SourceTitle "CBM 162 Extra"]
[Source "ChessBase"]
[SourceDate "2014.10.17"]
[SourceVersion "1"]
[SourceVersionDate "2014.10.17"]
[SourceQuality "1"]

1. c4 Nf6 2. Nc3 e5 3. Nf3 Nc6 4. a3 g6 5. g3 Bg7 6. Bg2 0-0 7. 0-0 d6 8. d3 h6 9. Rb1 Be6 10. b4 Qd7 11. Re1 Bh3 12. Bh1 Ng4 13. b5 Nd8 14. e3 f5 15. d4 e4 16. Nd2 Qf7 17. Qb3 Ne6 18. Ne2 Rad8 19. c5 d5 20. Bg2 Bxg2 21. Kxg2 g5 22. Nf1 h5 23. a4 h4 24. h3 Nf6 25. c6 b6 26. Nh2 Qh5 27. Qd1 Rf7 28. Nc3 Qh7 29. a5 hxg3 30. fxg3 f4 31. exf4 gxf4 32. Bxf4 Nxf4+ 33. gxf4 Nh5 34. Ne2 e3 35. Nf3 Qe4 36. Rb3 Rd6 37. Qd3 Rg6+ 38. Kh2 Qxf3 39. Qxg6 Qf2+ 40. Qg2 Qxe1 41. Rxe3 bxa5 42. Re8+ Kh7 43. Re6 Rf6 44. f5 a4 45. Qf3 Rxe6 46. fxe6 Qh4 47. Qf5+ Kh6 48. Qf7 Qf6 49. Qxc7 Qf2+ 50. Kh1 Qxe2 51. e7 Qe4+ 52. Kh2 Qe2+ 53. Kh1 Qf1+ 54. Kh2 Qf2+ 55. Kh1 Ng3+ 56. Qxg3 Qxg3 57. e8Q Qxh3+ 58. Kg1 Bxd4+ 0-1

[Event "Santa Cruz de Tenerife Verano op"]
[Site "Santa Cruz de Tenerife"]
[Date "2014.09.01"]
[Round "4"]
[White "Lestao Balseiro, Adrian"]
[Black "Rodriguez Perez, Mauro"]
[Result "1-0"]
[WhiteElo "2233"]
[BlackElo "1927"]
[PlyCount "65"]
[EventDate "2014.08.25"]
[EventType "swiss"]
[EventRounds "9"]
[EventCountry "ESP"]
[SourceTitle "CBM 162 Extra"]
[Source "ChessBase"]
[SourceDate "2014.10.17"]
[SourceVersion "1"]
[SourceVersionDate "2014.10.17"]
[SourceQuality "1"]

1. e4 e6 2. d4 d5 3. Nc3 Bb4 4. e5 c5 5. a3 Bxc3+ 6. bxc3 Qa5 7. Bd2 Qa4 8. Qg4 g6 9. Qd1 b6 10. Be3 Ba6 11. Bxa6 Nxa6 12. Ne2 Ne7 13. 0-0 cxd4 14. cxd4 Rc8 15. Rc1 Nb8 16. Qd2 Nbc6 17. Bg5 Nf5 18. c3 h6 19. Bf6 Rh7 20. c4 Nfe7 21. Bxe7 Nxe7 22. cxd5 Rxc1 23. Qxc1 exd5 24. Qc7 Qd7 25. Qb8+ Qd8 26. Qxa7 Nc8 27. Qb7 Qd7 28. Qa8 Rh8 29. Nf4 Kf8 30. e6 Qd8 31. Re1 Kg7 32. e7 Re8 33. Ne6+ 1-0

[Event "Santa Cruz de Tenerife Verano op"]
[Site "Santa Cruz de Tenerife"]
[Date "2014.08.25"]
[Round "1"]
[White "Garcia Cruz, Francisco"]
[Black "Lestao Balseiro, Adrian"]
[Result "0-1"]
[WhiteElo "1515"]
[BlackElo "2233"]
[PlyCount "48"]
[EventDate "2014.08.25"]
[EventType "swiss"]
[EventRounds "9"]
[EventCountry "ESP"]
[SourceTitle "CBM 162 Extra"]
[Source "ChessBase"]
[SourceDate "2014.10.17"]
[SourceVersion "1"]
[SourceVersionDate "2014.10.17"]
[SourceQuality "1"]

1. d4 Nf6 2. c4 c5 3. Nf3 cxd4 4. Nxd4 e5 5. Nb3 d5 6. cxd5 Qxd5 7. Qxd5 Nxd5 8. e4 Nb4 9. Na3 Be6 10. Bb5+ N8c6 11. 0-0 a6 12. Bc4 Nc2 13. Nxc2 Bxc4 14. Rd1 Be2 15. Re1 Bd3 16. Ne3 Bxe4 17. Bd2 0-0-0 18. Nc4 Bd5 19. Rac1 f6 20. Nb6+ Kb8 21. Nxd5 Rxd5 22. a3 Bd6 23. Rc4 Rd8 24. g3 Rb5 0-1

[Event "Tenerife-chT Preferente 1314"]
[Site "Tenerife"]
[Date "2014.03.29"]
[Round "12.3"]
[White "Molina Rodriguez, Borja"]
[Black "Lestao Balseiro, Adrian"]
[Result "0-1"]
[WhiteElo "2108"]
[BlackElo "2215"]
[PlyCount "92"]
[EventDate "2013.12.14"]
[EventType "team-tourn"]
[EventRounds "14"]
[EventCountry "ESP"]
[SourceTitle "EXT 2015"]
[Source "ChessBase"]
[SourceDate "2014.11.20"]
[SourceVersion "1"]
[SourceVersionDate "2014.11.20"]
[SourceQuality "1"]
[WhiteTeam "El Sauzal Libreria Barco"]
[BlackTeam "Rey Ahogado"]
[WhiteTeamCountry "ESP"]
[BlackTeamCountry "ESP"]

1. e4 e5 2. Nf3 Nc6 3. Bc4 Nf6 4. d3 Be7 5. 0-0 d6 6. Re1 0-0 7. a4 Kh8 8. a5 a6 9. Nc3 Ng8 10. Nd5 f5 11. h3 fxe4 12. dxe4 Bf6 13. c3 Qd7 14. Qb3 Nce7 15. Be3 Ng6 16. Rad1 Bd8 17. Ng5 Bxg5 18. Bxg5 h6 19. Be3 Nf6 20. Qc2 Nh4 21. Bf1 Qf7 22. Nxf6 Qxf6 23. c4 Be6 24. c5 Qg6 25. Kh1 Rf6 26. cxd6 cxd6 27. f4 exf4 28. Bd4 Rf7 29. Qf2 Qh5 30. Bc3 Rd8 31. Qb6 Re8 32. Qf2 Qg5 33. Rxd6 f3 34. g3 Ng6 35. Rd3 Qh5 36. Kh2 Ref8 37. Rd6 Ne5 38. Bxe5 Qxe5 39. Red1 Bb3 40. Qd4 Re7 41. Rd3 Bc2 42. Qxe5 Rxe5 43. Rc3 Bxe4 44. Rc7 Rxa5 45. Rdd7 Ra1 46. Bc4 f2 0-1

[Event "Tenerife-chT Preferente 1314"]
[Site "Tenerife"]
[Date "2014.02.01"]
[Round "5.3"]
[White "Lestao Balseiro, Adrian"]
[Black "Molina Rodriguez, Borja"]
[Result "1-0"]
[WhiteElo "2215"]
[BlackElo "2108"]
[PlyCount "77"]
[EventDate "2013.12.14"]
[EventType "team-tourn"]
[EventRounds "14"]
[EventCountry "ESP"]
[SourceTitle "EXT 2015"]
[Source "ChessBase"]
[SourceDate "2014.11.20"]
[SourceVersion "1"]
[SourceVersionDate "2014.11.20"]
[SourceQuality "1"]
[WhiteTeam "Rey Ahogado"]
[BlackTeam "El Sauzal Libreria Barco"]
[WhiteTeamCountry "ESP"]
[BlackTeamCountry "ESP"]

1. e4 c5 2. Nf3 Nc6 3. Nc3 e6 4. d4 cxd4 5. Nxd4 Nf6 6. Ndb5 d6 7. Bf4 e5 8. Bg5 a6 9. Na3 b5 10. Nd5 Be7 11. Bxf6 Bxf6 12. c4 b4 13. Nc2 0-0 14. g3 Bg5 15. Bg2 Qa5 16. 0-0 Qc5 17. b3 a5 18. Qd3 Ra7 19. h4 Bh6 20. Nce3 Bxe3 21. Nxe3 Be6 22. Nf5 Rd8 23. Qd2 Kh8 24. Rad1 a4 25. Rfe1 g6 26. Qg5 gxf5 27. Qf6+ Kg8 28. exf5 Re8 29. Qg5+ Kh8 30. Qf6+ Kg8 31. Re4 Nd4 32. Rg4+ Kf8 33. fxe6 Rxe6 34. Qd8+ Re8 35. Qg5 axb3 36. axb3 Ra2 37. Qg7+ Ke7 38. Rgxd4 Re2 39. Qg4 1-0

[Event "Tenerife-chT Preferente 1314"]
[Site "Tenerife"]
[Date "2013.12.14"]
[Round "1.3"]
[White "Lestao Balseiro, Adrian"]
[Black "Martin Hernandez, Jonas David"]
[Result "1-0"]
[WhiteElo "2215"]
[BlackElo "1884"]
[PlyCount "103"]
[EventDate "2013.12.14"]
[EventType "team-tourn"]
[EventRounds "14"]
[EventCountry "ESP"]
[SourceTitle "EXT 2015"]
[Source "ChessBase"]
[SourceDate "2014.11.20"]
[SourceVersion "1"]
[SourceVersionDate "2014.11.20"]
[SourceQuality "1"]
[WhiteTeam "Rey Ahogado"]
[BlackTeam "Piratas La Orotava"]
[WhiteTeamCountry "ESP"]
[BlackTeamCountry "ESP"]

1. e4 c5 2. Nf3 g6 3. d4 cxd4 4. Nxd4 Bg7 5. Nc3 Nc6 6. Nb3 Nf6 7. Be2 0-0 8. 0-0 a5 9. a4 d6 10. Re1 Be6 11. Bf3 Nd7 12. Nd5 Nde5 13. Be2 Nb4 14. Bf1 Rc8 15. c3 Nxd5 16. exd5 Bd7 17. h3 Bf6 18. Be3 Nc4 19. Bxc4 Rxc4 20. Nd2 Rc8 21. Ne4 Bg7 22. Bd4 Qc7 23. Bxg7 Kxg7 24. Qd4+ Kg8 25. Ng5 h6 26. Nf3 Rfe8 27. Qh4 Kg7 28. Rxe7 Rxe7 29. Qxe7 Re8 30. Qh4 Qc5 31. Qd4+ Qxd4 32. Nxd4 Re5 33. Kf1 Rxd5 34. Ke2 Re5+ 35. Kf3 b6 36. Ra3 b5 37. axb5 Bxb5 38. Rb3 Ba4 39. Rb6 Bd1+ 40. Kg3 d5 41. f3 g5 42. Kf2 h5 43. Ra6 a4 44. g4 hxg4 45. hxg4 Re8 46. Rb6 Ra8 47. Nf5+ Kg8 48. Nd4 Bb3 49. Nf5 a3 50. bxa3 Rxa3 51. Rb7 Ra6 52. Rxb3 1-0

[Event "Tenerife-chT"]
[Site "Tenerife"]
[Date "2013.03.09"]
[Round "7.1"]
[White "Lestao Balseiro, Adrian"]
[Black "Exposito Afonso, Ramon"]
[Result "0-1"]
[WhiteElo "2232"]
[BlackElo "1975"]
[PlyCount "71"]
[EventDate "2013.01.19"]
[EventType "team-tourn"]
[EventRounds "14"]
[EventCountry "ESP"]
[SourceTitle "EXT 2014"]
[Source "ChessBase"]
[SourceDate "2013.11.20"]
[SourceVersion "1"]
[SourceVersionDate "2013.11.20"]
[SourceQuality "1"]
[WhiteTeam "Rey Ahogado"]
[BlackTeam "San Benito"]
[WhiteTeamCountry "ESP"]
[BlackTeamCountry "ESP"]

1. e4 c5 2. Nf3 d6 3. d4 cxd4 4. Nxd4 Nf6 5. Nc3 g6 6. Be3 Bg7 7. f3 Nc6 8. Bc4 Bd7 9. Qd2 Rc8 10. Bb3 Ne5 11. h4 h5 12. 0-0-0 a6 13. Kb1 b5 14. a3 Nc4 15. Bxc4 Rxc4 16. Na2 0-0 17. Nb3 Qc7 18. Na5 Ra4 19. Qf2 Be6 20. Bb6 Qb8 21. Nc6 Qb7 22. Nd8 Rxd8 23. Bxd8 Nd7 24. Bxe7 b4 25. Nxb4 Ne5 26. Bxd6 a5 27. c3 Nc4 28. Bc5 Nxa3+ 29. bxa3 Rxa3 30. Bd4 axb4 31. c4 Bxd4 32. Qxd4 Qa6 33. Qb2 Rc3 34. Qxb4 Rxc4 35. Rd8+ Kh7 36. Rhd1 0-1

[Event "La Laguna op 3rd"]
[Site "La Laguna"]
[Date "2009.05.10"]
[Round "9"]
[White "Lestao Balseiro, Adrian"]
[Black "Sanz Alonso, Francisco Javier"]
[Result "1-0"]
[WhiteElo "2197"]
[BlackElo "2410"]
[PlyCount "65"]
[EventDate "2009.05.04"]
[EventType "swiss"]
[EventRounds "9"]
[EventCountry "ESP"]
[SourceTitle "CBM 130 Extra"]
[Source "ChessBase"]
[SourceDate "2009.07.02"]
[SourceVersion "2"]
[SourceVersionDate "2009.07.15"]
[SourceQuality "1"]

1. e4 e5 2. Nf3 Nc6 3. Bc4 Nf6 4. d3 h6 5. h3 d6 6. Nc3 Na5 7. Qe2 Nxc4 8. dxc4 b6 9. Bd2 Bb7 10. a4 g6 11. Nh2 Bg7 12. Ng4 Nxe4 13. Nxe4 f5 14. Nc3 fxg4 15. Qxg4 Qf6 16. Nd5 Qf7 17. Ra3 Bxd5 18. cxd5 0-0 19. Qf3 Qxf3 20. Rxf3 Rxf3 21. gxf3 Rf8 22. Ke2 Rf5 23. Rg1 Kf7 24. Rg4 Bf6 25. Rg1 Rh5 26. Rg3 Rh4 27. b3 a5 28. Be3 g5 29. Kd3 Ke7 30. Ke2 Kd7 31. Kf1 Bd8 32. Kg2 Rb4 33. Rg4 1-0